| 000 | 00442nam a2200181Ia 4500 | ||
|---|---|---|---|
| 001 | 19148 | ||
| 005 | 20260306171723.0 | ||
| 008 | 260306s9999||||xx |||||||||||||| ||und|| | ||
| 041 | _aESP | ||
| 082 |
_a658.8 _bM25 |
||
| 100 |
_aMaqueda Lafuente, Javier _eAUT |
||
| 245 | 0 | _aMarketing, innovación y nuevos negocios | |
| 260 | _c2010 | ||
| 300 |
_a187 pƔginas : _c24 cm. |
||
| 650 | _aGEN | ||
| 654 | _aCAN | ||
| 942 |
_cLIB _dJUS _fJUS _2ddc _n |
||
| 999 |
_c19148 _d19148 |
||